Text Book on The Bharatiya Sakshya Adhiniyam (Record no. 20779)
[ view plain ]
| 000 -LEADER | |
|---|---|
| fixed length control field | 00329nam a22001217a 4500 |
| 008 - FIXED-LENGTH DATA ELEMENTS--GENERAL INFORMATION | |
| fixed length control field | 240805b |||||||| |||| 00| 0 eng d |
| 020 ## - INTERNATIONAL STANDARD BOOK NUMBER | |
| ISBN | 9788119415830 |
| 100 ## - MAIN ENTRY--AUTHOR NAME | |
| Personal name | K. Swamyraj |
| 245 ## - TITLE STATEMENT | |
| Title | Text Book on The Bharatiya Sakshya Adhiniyam |
| 260 ## - PUBLICATION, DISTRIBUTION, ETC. (IMPRINT) | |
| Place of publication | Prayagraj |
| Name of publisher | Central Law Publications |
| Year of publication | 2024 |
| 300 ## - PHYSICAL DESCRIPTION | |
| Number of Pages | 320 |
| 942 ## - ADDED ENTRY ELEMENTS (KOHA) | |
| Source of classification or shelving scheme | Dewey Decimal Classification |
| Koha item type | Books |
| Accession Number | Bill Date | Source of acquisition | Price effective from | Koha item type | Withdrawn / writtenoff status | Damaged status | Not for loan | Permanent Location | Current Location | Shelving location | Date acquired | Lost/ Missing status | department |
|---|---|---|---|---|---|---|---|---|---|---|---|---|---|
| LLB 1359 | 30-7-2024 | ABD, Jammu | 08/05/2024 | Books | Not For Loan | MIET Library, Jammu | MIET Library, Jammu | 184/2 | 08/02/2024 | BBA LLB | |||
| LLB 1360 | 30-7-2024 | ABD, Jammu | 08/05/2024 | Books | MIET Library, Jammu | MIET Library, Jammu | 186/1 | 08/02/2024 | BBA LLB | ||||
| LLB 1361 | 30-7-2024 | ABD, Jammu | 08/05/2024 | Books | MIET Library, Jammu | MIET Library, Jammu | 186/1 | 08/02/2024 | BBA LLB | ||||
| LLB 1362 | 30-7-2024 | ABD, Jammu | 08/05/2024 | Books | MIET Library, Jammu | MIET Library, Jammu | 186/1 | 08/02/2024 | BBA LLB | ||||
| LLB 1363 | 30-7-2024 | ABD, Jammu | 08/05/2024 | Books | MIET Library, Jammu | MIET Library, Jammu | 186/1 | 08/02/2024 | BBA LLB |